000 00480nam a2200181Ia 4500
003 GCL
005 20240530104541.0
008 140319s9999 xx 000 0 ara d
040 _aGCL /
_cGCL
082 0 4 _aد
_b050
100 1 _aالسيد فرج
245 1 0 _aمعركة العلمين (اقرا 293 ) /
_cالسيد فرج
300 _a124 ص
490 _aاقرأ
_v0
650 0 4 _aمعركة العلمين
650 0 4 _aروميل مونتجمرى
942 _2ddc
_cBK
999 _c48546
_d48546